[Event "West Wales Open"]
[Site "Swansea"]
[Date "2018.10.14"]
[Round "5"]
[White "Lewis, David"]
[Black "Jukes, Sam"]
[Result "0-1"]
[WhiteElo "1622"]
[BlackElo "1998"]
[PlyCount "90"]
[EventDate "2018.10.12"]
[EventType "swiss"]
[EventRounds "5"]
[EventCountry "WLS"]

1. e4 e5 2. Nf3 Nc6 3. Bb5 a6 4. Bxc6 dxc6 5. O-O f6 6. d4 exd4 7. Nxd4 c5 8.
Nb3 Qxd1 9. Rxd1 Bg4 10. f3 Bd7 11. Be3 b6 12. N1d2 Ne7 13. Bf4 O-O-O 14. Nc4
g5 15. Bg3 h5 16. Ne3 Bg7 17. c3 Be6 18. Nd2 f5 19. exf5 Nxf5 20. Bf2 Nxe3 21.
Bxe3 g4 22. f4 Kb7 23. a4 Bf5 24. Nc4 Bc2 25. Re1 Rhe8 26. a5 Bb3 27. Nd2 Bf7
28. Rac1 Kc6 29. b4 Rxe3 30. Rxe3 Rxd2 31. Re7 Rd7 32. b5+ axb5 33. Rxd7 Kxd7
34. a6 Kc8 35. a7 Kb7 36. Ra1 Ka8 37. Rd1 Bxc3 38. Rd7 Bd4+ 39. Kh1 Bg6 40.
Rxc7 b4 41. Rc6 Bd3 42. Rxb6 Kxa7 43. Re6 b3 44. Re7+ Kb6 45. Re6+ Ka5 0-1

[Event "West Wales Open"]
[Site "Swansea"]
[Date "2018.10.14"]
[Round "5"]
[White "Waterfield, John W"]
[Black "Harris, Calum"]
[Result "0-1"]
[WhiteElo "2026"]
[BlackElo "1889"]
[PlyCount "58"]
[EventDate "2018.10.12"]
[EventType "swiss"]
[EventRounds "5"]
[EventCountry "WLS"]

1. e4 c5 2. Nf3 d6 3. d4 cxd4 4. Nxd4 Nf6 5. Nc3 g6 6. Be3 Bg7 7. Be2 Nc6 8.
Nb3 Be6 9. f4 Qd7 10. h3 h5 11. g3 Bxh3 12. Bf3 Bg4 13. Qe2 Bxf3 14. Qxf3 Ng4
15. Bg1 Nb4 16. O-O-O Bxc3 17. bxc3 Nc6 18. e5 Qe6 19. exd6 exd6 20. Nc5 Qxa2
21. Qe4+ Kf8 22. Bd4 dxc5 23. Bxh8 Nf2 24. Qf3 Qa1+ 25. Kd2 Rd8+ 26. Bd4 Nxd1
27. Rxd1 Qa5 28. Ke3 cxd4+ 29. cxd4 Qc3+ 0-1

[Event "West Wales Open"]
[Site "Swansea"]
[Date "2018.10.14"]
[Round "5"]
[White "Turner, Joseph David"]
[Black "Phillips, William"]
[Result "1-0"]
[WhiteElo "1988"]
[BlackElo "1862"]
[PlyCount "67"]
[EventDate "2018.10.12"]
[EventType "swiss"]
[EventRounds "5"]
[EventCountry "WLS"]

1. e4 e5 2. f4 exf4 3. Bc4 Nf6 4. Nc3 d5 5. Bxd5 Nxd5 6. Nxd5 Bd6 7. d3 Qh4+ 8.
Kf1 c6 9. Nf3 Qh6 10. Nc3 Bg4 11. d4 O-O 12. e5 Bc7 13. Ne4 Nd7 14. Nf2 Be6 15.
g3 Bc4+ 16. Kg2 Qe6 17. b3 fxg3 18. hxg3 Bd5 19. c4 Bxf3+ 20. Qxf3 Rfe8 21. Ng4
Qg6 22. Bf4 Rad8 23. Rh5 Nf8 24. Rg5 Qc2+ 25. Kh3 Re6 26. d5 cxd5 27. cxd5 Rg6
28. Rc1 Qxa2 29. Rxc7 Qb2 30. Bc1 f6 31. Rxg7+ Rxg7 32. Rxg7+ Kxg7 33. Qxf6+
Kg8 34. Nh6# 1-0

[Event "West Wales Open"]
[Site "Swansea"]
[Date "2018.10.14"]
[Round "5"]
[White "McCarthy, Moss"]
[Black "Morgans, Justin"]
[Result "1-0"]
[WhiteElo "1912"]
[BlackElo "1769"]
[PlyCount "107"]
[EventDate "2018.10.12"]
[EventType "swiss"]
[EventRounds "5"]
[EventCountry "WLS"]

1. d4 Nf6 2. c4 g6 3. Nc3 Bg7 4. e4 d6 5. h3 O-O 6. Be3 Nbd7 7. Bd3 e5 8. Nge2
exd4 9. Bxd4 Ne5 10. f4 Nxd3+ 11. Qxd3 Bd7 12. g4 c5 13. Bf2 Qb6 14. O-O-O Rfe8
15. Ng3 Bc6 16. Rhe1 Rad8 17. g5 Nh5 18. Nxh5 gxh5 19. Rd2 Qa5 20. f5 Bxc3 21.
bxc3 b5 22. g6 hxg6 23. fxg6 fxg6 24. e5 Re6 25. Bxc5 bxc4 26. Qxc4 d5 27. Qb4
Qxb4 28. cxb4 Rde8 29. Rde2 a6 30. Kb2 Bb5 31. Re3 Bc4 32. a4 Rc8 33. Bd4 Rc7
34. Rf3 Rf7 35. Rxf7 Kxf7 36. Ka3 g5 37. Rb1 g4 38. hxg4 hxg4 39. b5 axb5 40.
axb5 Re7 41. b6 Rb7 42. Kb4 Ke6 43. Kc5 Kd7 44. Re1 Kc8 45. e6 Re7 46. Kd6 Re8
47. Kc6 Ba6 48. Kd6 g3 49. Rc1+ Bc4 50. Ra1 Kb7 51. Ra7+ Kb8 52. b7 Rd8+ 53.
Kc6 g2 54. Ra8# 1-0

[Event "West Wales Open"]
[Site "Swansea"]
[Date "2018.10.14"]
[Round "5"]
[White "Howells, Chris"]
[Black "Van Kemenade, Julie"]
[Result "1-0"]
[WhiteElo "1904"]
[BlackElo "1755"]
[PlyCount "83"]
[EventDate "2018.10.12"]
[EventType "swiss"]
[EventRounds "5"]
[EventCountry "WLS"]

1. c4 Nf6 2. Nc3 d6 3. g3 e5 4. Bg2 g6 5. e4 Bg7 6. Nge2 O-O 7. O-O Nbd7 8. d3
Ne8 9. f4 c6 10. f5 Ndf6 11. h3 h5 12. Kh2 Nh7 13. Be3 Nef6 14. Qd2 d5 15. fxg6
fxg6 16. exd5 cxd5 17. Nxd5 h4 18. gxh4 Kh8 19. Nec3 Bf5 20. Bf2 Nh5 21. Rad1
N7f6 22. Bf3 Nxd5 23. Nxd5 Bxh3 24. Kxh3 Rxf3+ 25. Kg2 Qf8 26. Qe2 Nf4+ 27.
Nxf4 Rxf4 28. Bg3 Rxf1 29. Rxf1 Qc5 30. Qe4 Rd8 31. Qxg6 Qe3 32. Rf7 Qd2+ 33.
Kh3 Qh6 34. Qxh6+ Bxh6 35. Bxe5+ Kg8 36. Rf3 Re8 37. d4 Bc1 38. b3 b6 39. h5
Bb2 40. Rf5 Re7 41. Kg4 Bc1 42. d5 1-0

[Event "West Wales Open"]
[Site "Swansea"]
[Date "2018.10.14"]
[Round "5"]
[White "Burrows, Mike"]
[Black "Denham, Colin"]
[Result "1/2-1/2"]
[WhiteElo "1857"]
[BlackElo "1617"]
[PlyCount "77"]
[EventDate "2018.10.12"]
[EventType "swiss"]
[EventRounds "5"]
[EventCountry "WLS"]

1. d4 d5 2. c4 c6 3. Nf3 Nf6 4. Nc3 Nbd7 5. e3 e6 6. Bd3 dxc4 7. Bxc4 Nb6 8.
Be2 Bb4 9. O-O Bxc3 10. bxc3 O-O 11. Qc2 Nbd7 12. a4 Re8 13. Rd1 Qc7 14. Ba3 b6
15. Bd3 e5 16. dxe5 Nxe5 17. Nxe5 Qxe5 18. Bd6 Qh5 19. Re1 Rd8 20. Bg3 Be6 21.
e4 Nd7 22. h3 Qc5 23. Bf4 Bc4 24. Red1 Be6 25. Ba6 Ne5 26. Bb7 Rab8 27. Rxd8+
Rxd8 28. Bxe5 Qxe5 29. Rd1 Rxd1+ 30. Qxd1 g6 31. Qd4 Qc7 32. Ba6 c5 33. Qf6 Qc6
34. Qf4 Qxa4 35. Qb8+ Kg7 36. Qe5+ Kg8 37. Qb8+ Kg7 38. Qe5+ Kg8 39. Qb8+
1/2-1/2